<?xml version="1.0" encoding="UTF-8"?>
<record
    xmlns:xsi="http://www.w3.org/2001/XMLSchema-instance"
    xsi:schemaLocation="http://www.loc.gov/MARC21/slim http://www.loc.gov/standards/marcxml/schema/MARC21slim.xsd"
    xmlns="http://www.loc.gov/MARC21/slim">

  <leader>00269    a2200109   4500</leader>
  <datafield tag="999" ind1=" " ind2=" ">
    <subfield code="c">4108</subfield>
    <subfield code="d">4103</subfield>
  </datafield>
  <datafield tag="020" ind1=" " ind2=" ">
    <subfield code="a">9789332587908</subfield>
  </datafield>
  <datafield tag="245" ind1=" " ind2=" ">
    <subfield code="a">Manufacturing engineering and technology</subfield>
  </datafield>
  <datafield tag="250" ind1=" " ind2=" ">
    <subfield code="a">7th Ed.</subfield>
  </datafield>
  <datafield tag="260" ind1=" " ind2=" ">
    <subfield code="b">Pearson</subfield>
    <subfield code="c">28 March 2018</subfield>
  </datafield>
  <datafield tag="300" ind1=" " ind2=" ">
    <subfield code="a"> 1216 p.</subfield>
  </datafield>
  <datafield tag="100" ind1=" " ind2=" ">
    <subfield code="a">Kalpakjian, Serope</subfield>
    <subfield code="9">1698</subfield>
  </datafield>
  <datafield tag="952" ind1=" " ind2=" ">
    <subfield code="0">0</subfield>
    <subfield code="1">0</subfield>
    <subfield code="2">udc</subfield>
    <subfield code="4">0</subfield>
    <subfield code="7">0</subfield>
    <subfield code="J">919</subfield>
    <subfield code="a">IIITDM</subfield>
    <subfield code="b">IIITDM</subfield>
    <subfield code="c">GEN</subfield>
    <subfield code="d">2019-11-15</subfield>
    <subfield code="l">3</subfield>
    <subfield code="m">8</subfield>
    <subfield code="o">658.5 KAL</subfield>
    <subfield code="p">0006126</subfield>
    <subfield code="r">2024-05-07 00:00:00</subfield>
    <subfield code="s">2023-07-07</subfield>
    <subfield code="w">2019-11-15</subfield>
    <subfield code="y">BK</subfield>
    <subfield code="z">MGMT</subfield>
  </datafield>
  <datafield tag="952" ind1=" " ind2=" ">
    <subfield code="0">0</subfield>
    <subfield code="1">0</subfield>
    <subfield code="2">udc</subfield>
    <subfield code="4">0</subfield>
    <subfield code="7">0</subfield>
    <subfield code="J">919</subfield>
    <subfield code="a">IIITDM</subfield>
    <subfield code="b">IIITDM</subfield>
    <subfield code="c">GEN</subfield>
    <subfield code="d">2019-11-15</subfield>
    <subfield code="l">12</subfield>
    <subfield code="m">4</subfield>
    <subfield code="o">658.5 KAL</subfield>
    <subfield code="p">0006127</subfield>
    <subfield code="r">2026-02-02 13:48:46</subfield>
    <subfield code="s">2025-07-31</subfield>
    <subfield code="w">2019-11-15</subfield>
    <subfield code="y">BK</subfield>
    <subfield code="z">MGMT</subfield>
  </datafield>
  <datafield tag="952" ind1=" " ind2=" ">
    <subfield code="0">0</subfield>
    <subfield code="1">0</subfield>
    <subfield code="2">udc</subfield>
    <subfield code="4">0</subfield>
    <subfield code="7">0</subfield>
    <subfield code="J">919</subfield>
    <subfield code="a">IIITDM</subfield>
    <subfield code="b">IIITDM</subfield>
    <subfield code="c">GEN</subfield>
    <subfield code="d">2019-11-15</subfield>
    <subfield code="l">1</subfield>
    <subfield code="m">2</subfield>
    <subfield code="o">658.5 KAL</subfield>
    <subfield code="p">0006128</subfield>
    <subfield code="q">2022-02-08</subfield>
    <subfield code="r">2020-01-03 00:00:00</subfield>
    <subfield code="s">2020-01-03</subfield>
    <subfield code="w">2019-11-15</subfield>
    <subfield code="y">BK</subfield>
    <subfield code="z">MGMT</subfield>
  </datafield>
</record>
